| 000 -ლიდერი |
| ფიქსირებული სიგრძის საკონტროლო ველი |
01846nam a2200241Ia 4500 |
| 001 - საკონტროლო ნომერი |
| საკონტროლო ველი |
18070 |
| 003 - საკონტროლო ნომრის იდენტიფიკატორი |
| საკონტროლო ველი |
GE_BSU |
| 005 - ბოლო ოპერაციის თარიღი და დრო |
| საკონტროლო ველი |
20200621152814.0 |
| 008 - ფიქსირებული სიგრძის მონაცემთა ელემენტები - ზოგადი ინფორმაცია |
| ფიქსირებული სიგრძის საკონტროლო ველი |
181216s1938||||ge |||||||||||||| ||geo|| |
| 040 ## - კატალოგიზაციის წყარო |
| Transcribing agency |
GE_BSU |
| 041 ## - ენის კოდი |
| Language code of text/sound track or separate title |
geo |
| 080 ## - უნივერსალური ათობითი კლასიფიკაციის ინდექსი |
| Universal Decimal Classification number |
811.353.1(058) მ-80 |
| 245 ## - ცნობა სათაურის შესახებ |
| Title |
მოამბე ტ. 3 - აკად. ნ. მარის სახელობის ენის, ისტორიისა და მატერიალური კულტურის ინსტიტუტი = Известия Института языка, истории и материальной культуры им. акад. Н. Я. Марра / |
| Statement of responsibility, etc |
რედაქტორი სიმონ ჯანაშია. |
| 264 ## - წარმოების, გამოცემის, დისტრიბუციის და სხვა ცნობები |
| გამოცემის, წარმოების, დისტრიბუციის... ადგილი |
ტფილისი : |
| გამოცემის, წარმოების, დისტრიბუციის... სახელწოდება |
სსრკ მეცნიერებათა აკადემიის საქართველოს ფილიალი, |
| გამოცემის, წარმოების, დისტრიბუციის... თარიღი |
1938. |
| 300 ## - ფიზიკური აღწერა |
| Extent |
386 გვ. ; |
| Dimensions |
25 სმ. |
| 500 ## - ზოგადი შენიშვნა |
| General note |
"ვეფხისტყაოსნის" 750 წლისთავისადმი მიძღვნილი კრებული |
| 500 ## - ზოგადი შენიშვნა |
| General note |
გაშლილი თავფურცელი ინგლისურ ენაზე
|
| 653 ## - INDEX TERM--UNCONTROLLED |
| Uncontrolled term |
მოამბე |
| 700 ## - ADDED ENTRY--PERSONAL NAME |
| Personal name |
ჯანაშია, სიმონ |
| Relator term |
რედაქტორი |
| 9 (RLIN) |
8621 |
| 710 ## - ADDED ENTRY--CORPORATE NAME |
| Corporate name or jurisdiction name as entry element |
სსრკ მეცნიერებათა აკადემიის საქართველოს ფილიალი |
| 9 (RLIN) |
8622 |
| 710 ## - ADDED ENTRY--CORPORATE NAME |
| Corporate name or jurisdiction name as entry element |
საქართველოს სსრ მეცნიერებათა აკადემია |
| 9 (RLIN) |
8623 |
| 942 ## - ADDED ENTRY ELEMENTS (KOHA) |
| Koha item type |
წიგნი |
| Source of classification or shelving scheme |
|